01191cam a22003974i 4500003000900000005001700009008004100026020001500067035002700082040003300109082001900142110002500161245007700186264005200263300005500315336002100370337002500391338002300416490003400439505017500473526001000648526001000658526000900668526000900677526000900686526000900695526000900704526000900713526000900722526000800731526000800739526000800747526000800755526000800763650002200771PE-LiUPU20250731165650.0150616s r 000 0 d a0521234484 a(Sirsi) i9780521234481 aPE-LiUPUbspacPE-LiUPUerda04a909.008bC2212 aCambridge University10aRome and the Mediterranean to 133 B.C.n8 /cCambridge University Press. 1aCambridge :bCambridge University Press,c1993. a625 páginas :bilustraciones ;c24 centímetros atext2rdacontent aunmediated2rdamedia avolume2rdacarrier0 aThe Cambridge Ancient History0 aSources.- The Carthaginians in Spain.- The second Punic war.- Rome and Greece to 205 BC.- Roman expansion in the west.- Roman government and politics, 200-134 BC.- Etc... aSEG44 aSEG26 aP151 aP150 aP149 aP146 aP145 aP126 aP125 aP92 aP75 aP74 aP27 aP1504aHistoria Antigua.